| 000 | 00357nam a2200157Ia 4500 | ||
|---|---|---|---|
| 008 | 221030s9999 xx 000 0 und d | ||
| 020 | _a0074637126 | ||
| 041 | _aEnglish | ||
| 082 |
_a105.23 _bLea |
||
| 100 | _aA. Leon | ||
| 245 | 0 | _aEnterprise Resource planning | |
| 260 |
_bTMH _aNew Delhi _c2004 |
||
| 300 | _a308 | ||
| 650 | _aManagement | ||
| 942 | _cBK | ||
| 999 |
_c2159 _d2159 |
||